01587 2200265 4500001002100000005001500021035002000036090000800056020002200064100001900086650002100105245013200126264001700258008004100275082001000316084001900326250000900345260004000354300004100394700003300435700002100468520079800489990001801287990001601305INLIS00000000002322920211117104758 a0010-0619023229 33.8 a978-979-29-5918-50 aRahmat Rukmana 4aPohon, Penanaman1 aUntung berlipat dari budi daya kemangi & selasih :btanaman multimanfaat /cRahmat Rukmana, Herdi Yudirachman; penyunting, Maya ily Publisher211117 g 0 ind  a633.8 aSR 633.8 RAH u aEd.I aYogyakarta :bLily Publisher,c2016 ax, 166 halaman :bilustrasi ;c23 cm0 aHerdi Yudirachmanepengarang0 aMayaepenyunting aTanaman kemangi dan selasih yang selama ini kurang diperhitungkan, ternyata menawarkan nilai tambah yang baru, di atas nilai tambah yang sudah diakui dan dinikmati secara luas. Usaha budi daya kemangi dan selasih dapat menuai berbagai manfaat dan khasiat sekaligus menjadi salah satu solusi untuk ketahanan dan kedaulatan pangan, kesehatan serta pembangunan lingkungan masa depan. Inovasi dan teknologi bisa mengubah total cara pandang dan asumsi tentang apa yang mungkin dan mustahil. Inovasi tidak berarti harus menjadi penemu yang pertama di dunia, tetapi cukup menjadi yang pertama menjadikannya bermanfaat di tempat dan bagi pengguna yang memerlukan. Inovasi budi daya kemangi dan selasih diungkap terinci dalam buku ini dan disajikan sebagai pemenuhan bagi para pihak yang memerlukannya. a027962.045039 a48723.61543